Avionics Navigation Systems, 2nd Ed (Record no. 472479)
[ view plain ]
| 000 -LEADER | |
|---|---|
| fixed length control field | 00474 a2200157 4500 |
| 082 ## - DEWEY DECIMAL CLASSIFICATION NUMBER | |
| Classification number | 629.1351KAY |
| 090 ## - LOCALLY ASSIGNED LC-TYPE CALL NUMBER (OCLC); LOCAL CALL NUMBER (RLIN) | |
| -- | 39639 |
| -- | 39639 |
| 100 ## - MAIN ENTRY--PERSONAL NAME | |
| Personal name | Myron, Kayton ; Walter R Fried |
| 245 ## - TITLE STATEMENT | |
| Title | Avionics Navigation Systems, 2nd Ed |
| Statement of responsibility, etc. | Kayton Myron |
| Medium | English |
| 250 ## - EDITION STATEMENT | |
| Edition statement | 2 |
| 260 ## - PUBLICATION, DISTRIBUTION, ETC. | |
| Place of publication, distribution, etc. | NY |
| Name of publisher, distributor, etc. | Wiley Interscience, NY |
| Date of publication, distribution, etc. | 1997 |
| 300 ## - PHYSICAL DESCRIPTION | |
| Extent | xxiv, 773 p. ( 75840 origional copy) |
| Other physical details | photocopy |
| 500 ## - GENERAL NOTE | |
| General note | Avionics Textbook |
| 600 ## - SUBJECT ADDED ENTRY--PERSONAL NAME | |
| Personal name | Walter R Fried |
| 942 ## - ADDED ENTRY ELEMENTS (KOHA) | |
| Institution code [OBSOLETE] | NUST-CAE |
| Call number prefix | 629.1351KAY |
| Koha item type | |
| Withdrawn status | Lost status | Damaged status | Not for loan | Permanent Location | Current Location | Date acquired | Total Checkouts | Full call number | Barcode | Date last seen | Price effective from | Koha item type |
|---|---|---|---|---|---|---|---|---|---|---|---|---|
| College of Aeronautical Engineering (CAE) | College of Aeronautical Engineering (CAE) | 03/30/2018 | 629.1351KAY | CAEN-2594 | 03/30/2018 | 03/30/2018 | Book | |||||
| College of Aeronautical Engineering (CAE) | College of Aeronautical Engineering (CAE) | 03/30/2018 | 629.1351KAY | CAEN-2593 | 03/30/2018 | 03/30/2018 | Book | |||||
| College of Aeronautical Engineering (CAE) | College of Aeronautical Engineering (CAE) | 03/30/2018 | 629.1351KAY | CAEN-2616 | 03/30/2018 | 03/30/2018 | Book | |||||
| College of Aeronautical Engineering (CAE) | College of Aeronautical Engineering (CAE) | 03/30/2018 | 629.1351KAY | CAEN-2617 | 03/30/2018 | 03/30/2018 | Book |
